000
00246nam a22001217a 4500
008
180905b xxu||||| |||| 00| 0 eng d
041
_a
eng
080
_a
791
100
_a
44
101
_a
ART
245
_a
Horizon
_c
Parton .J
942
_2
udc
_c
BK
999
_c
47566
_d
47566